Ont-ils déjà joué avec... Rachel McAdams ? - Statistiques

Statistiques générales
  • Ce quiz a été pris 5 fois
  • Le résultat moyen est 3 sur 10
Answers on the Grid
Answers color-coded by a green-red scale on the quiz's grid according to % correct below.
Amy Adams
Helen Mirren
Nick Frost
Ben Stiller
Glenn Close
Sean Connery
Christoph Waltz
Mila Kunis
Bill Nighy
Sting
Gemma Arterton
Rowan Atkinson
Rachel Weisz
Channing Tatum
Jeff Goldblum
Ben Affleck
Demi Lovato
Daniel Brühl
Bill Murray
Javier Bardem
 
Statistiques - réponses
Réponse % Correct
Ben Affleck
75%
Channing Tatum
50%
Daniel Brühl
50%
Bill Nighy
25%
Demi Lovato
25%
Helen Mirren
25%
Javier Bardem
25%
Jeff Goldblum
25%
Rachel Weisz
25%
Bill Murray
0%
Aucun quiz correspondant
Distribution des résultats
% des personnes avec chaque résultat
Percentile par nombre de réponses
Votre historique - résultats
Vous n’avez pas pris ce quiz